LEADER 01718nas a2200313 i 4500 001 000000229693 003 CaOOAMICUS 005 20140526000000.0 008 140515b2013 xxuuu u0 0eng r 013 $a208595 020 $a978-1-889680-95-8 040 $aSeMil$bita 245 10$aPhilosophy in the Abrahamic Traditions /$cEdited by R. E. Houser ; papers for the regular sessions were selected by the Program Committee Deborah Black ... [et al.]. 260 $a[U.S.A.] :$bThe American Catholic Philosophical Association,$ccopyr. 2013. 260 $aHouston :$bUniversity of Saint Thomas,$ccopyr. 2013. 300 $a330 p. :$btabelle ;$c23 cm. 500 $aArticoli con sintesi in inglese [Abstract] in testa. - Contiene : ACPA Reports and Minutes [2011-2012]. 700 1 $aThe American Catholic Philosophical Association .$0(OLS)http://semarc/name/1622 774 0 $t[vedi periodico].$w()281058 850 $aSeMil 852 $aSeMil$W1$xVenegono$y1$m120 1 65$j180039$B180039$CSeMilBibl$Z2$F191410 $85 961 $aCambio: Scuola Cattolica 996 $6020$a978-1-889680-95-8$9(OLS)http://semarc/number/232218 996 $6245$aPhilosophy in the Abrahamic Traditions$9(OLS)http://semarc/title/328464 996 $6260$aHouston :$bUniversity of Saint Thomas$9(OLS)http://semarc/publisher/49433 996 $6260$a[U.S.A.] :$bThe American Catholic Philosophical Association$9(OLS)http://semarc/publisher/30384 LEADER 01234nam a2200265 i 4500 001 000000062870 003 CaOOAMICUS 005 20130423000000.0 008 130423s1957 xx u000 u spa u 013 $a34042 040 $aSeMil$bita 100 1 $aBriva Mirabent, Antonio.$0(OLS)http://semarc/name/31796 245 13$aLa Gloria y su relación con la Gracia según las Obras de San Buenaventura /$cPor Antonio Briva Mirabent , Pbro. 260 $aBarcelona :$bCasulleras,$c1957. 300 $a323 p. ;$c23 cm. 490 0 $aColectanea San Paciano 490 0 $aColectanea San Paciano. Serie teológica ;$v2. 500 $aContiene : Bibliografía selecta. 600 04$aBonaventura : da Bagnorea .$0(OLS)http://semarc/subject/524 830 0$aColectanea San Paciano.$0(OLS)http://semarc/title/20806 830 0$aColectanea San Paciano. Serie teológica ;$v2.$0(OLS)http://semarc/title/28887 850 $aSeMil 852 $aSeMil$W1$xVenegono$y1$m2M III 43$j29023$B29023$CSeMilBibl$Z2$F29026 $81 996 $6245$aLa Gloria y su relación con la Gracia según las Obras de San Buenaventura$9(OLS)http://semarc/title/99047 996 $6260$aBarcelona :$bCasulleras$9(OLS)http://semarc/publisher/35593